Airports by Diagram - Statistics

General Stats
  • This quiz has been taken 80 times
  • The average score is 12 of 21
Answer Stats
Picture Answer % Correct
John F Kennedy International
81%
San Fransisco International
75%
Denver International
73%
General Edward Lawrence Logan International
73%
Hartsfield/Jackson Atlanta International
72%
Los Angeles International
72%
Dallas-Forth Worth International
70%
Chicago O'Hare International
69%
Ronald Reagan Washington National
58%
Orlando International
55%
Daniel K Inouye International
52%
Philadelphia International
51%
Miami International
49%
Washington Dulles International
49%
George Bush Intercontinental/Houston
48%
Detroit Metro Wayne County
45%
Seattle-Tacoma International
45%
Minneapolis-St. Paul International/Wold-Chamberlain
43%
Charlotte/Douglas International
37%
Baltimore/Washington International Thurgood Marshall
33%
Louis Armstrong New Orleans International
31%
No matching quizzes found
Score Distribution
Percent of People with Each Score
Percentile by Number Answered
Your Score History
You have not taken this quiz